Online marketing vo vybranom podniku bakalárska práca

Na minha lista:
Detalhes bibliográficos
Autor principal: Paľo, Martin
Autor Corporativo: Podnikovohospodárska fakulta EU so sídlom v Košiciach. Katedra obchodného podnikania
Outros Autores: Zuzik, Jozef, 1985-
Formato: Livro
Idioma:eslovaco
Publicado em: Košice 2023
Tags: Adicionar Tag
Sem tags, seja o primeiro a adicionar uma tag!

MARC

LEADER 00000nbm a2200000 4500
001 0294401
005 20240619133420.1
041 0 |a slo 
044 |a SK 
245 1 0 |a Online marketing vo vybranom podniku  |b bakalárska práca  |c Martin Paľo ; školiteľ: Jozef Zuzik 
264 1 |a Košice  |c 2023 
300 |a 40 s. 
100 1 |a Paľo, Martin 
700 1 |a Zuzik, Jozef, 1985- 
710 2 |a Podnikovohospodárska fakulta EU so sídlom v Košiciach. Katedra obchodného podnikania